[Event "NOR Junior Team Championship"]
[Site "Oslo NOR"]
[Date "2004.09.11"]
[EventDate "2004.09.10"]
[Round "4"]
[Result "1-0"]
[White "Geir Sune Tallaksen Ostmoe"]
[Black "Magnus Carlsen"]
[WhiteElo "2350"]
[BlackElo "2567"]
[PlyCount "83"]

1. d4 d5 2. c4 c6 3. Nc3 Nf6 4. e3 e6 5. Nf3 Nbd7 6. Bd3 dxc4
7. Bxc4 b5 8. Bd3 Bb7 9. e4 b4 10. Na4 c5 11. e5 Nd5 12. O-O
h6 13. Bd2 Rc8 14. Rc1 Qa5 15. Re1 Be7 16. Nxc5 Nxc5 17. dxc5
Bxc5 18. Qe2 Qb6 19. Rc4 Ke7 20. Rg4 g5 21. h4 gxh4 22. Rxh4
Rcg8 23. Rxh6 Rxh6 24. Bxh6 Rh8 25. Bg5+ Kd7 26. Rf1 Rg8
27. Qe4 Ne7 28. Qh4 Bxf3 29. gxf3 Nd5 30. f4 Nxf4 31. Qxf4 Be7
32. Rc1 Rxg5+ 33. Kf1 Qb7 34. Qd4+ Ke8 35. Be4 Qb5+ 36. Bd3
Qb7 37. Be4 Qb5+ 38. Bd3 Qb8 39. Ba6 Qb6 40. Rc8+ Bd8
41. Rxd8+ Qxd8 42. Bb5+ 1-0

[Event "NOR Junior Team Championship"]
[Site "Oslo NOR"]
[Date "2004.09.12"]
[EventDate "2004.09.10"]
[Round "6"]
[Result "0-1"]
[White "Johannes Luangtep Kvisla"]
[Black "Magnus Carlsen"]
[WhiteElo "1665"]
[BlackElo "2567"]
[PlyCount "102"]

1. Nf3 d5 2. g3 g6 3. Bg2 Bg7 4. d4 Nf6 5. c4 dxc4 6. Na3 Nc6
7. Nxc4 Be6 8. Nce5 Nxe5 9. Nxe5 Bd5 10. O-O O-O 11. Be3 Bxg2
12. Kxg2 Nd5 13. Qb3 c5 14. Qxb7 Rb8 15. Qxa7 Nxe3+ 16. fxe3
Rxb2 17. Qxc5 Rxe2+ 18. Rf2 Qa8+ 19. Qc6 Rxe3 20. Qxa8 Rxa8
21. Nc6 Rc8 22. Rc1 Kf8 23. Rcc2 Rd3 24. Ne5 Rxc2 25. Rxc2
Bxe5 26. dxe5 Re3 27. a4 Rxe5 28. Ra2 Ra5 29. Kf3 e5 30. g4 f5
31. gxf5 gxf5 32. Ke3 Ke7 33. Ra3 Ke6 34. Ra2 Kd5 35. Rd2+ Kc4
36. Rc2+ Kb4 37. Rc7 Rxa4 38. Rxh7 Ra3+ 39. Ke2 f4 40. Re7
Re3+ 41. Kf2 Kc4 42. h4 Kd4 43. h5 Rh3 44. Rh7 Ke4 45. Kg2 Rh4
46. h6 Ke3 47. Rh8 e4 48. Ra8 Rxh6 49. Ra3+ Kd4 50. Ra4+ Ke5
51. Ra5+ Kf6 0-1

[Event "Ostlandsserien (TCh-NOR Qual)"]
[Site "NOR"]
[Date "2005.03.05"]
[EventDate "2004.11.06"]
[Round "8"]
[Result "1/2-1/2"]
[White "Magnus Carlsen"]
[Black "Edvins Paulsovich Kengis"]
[WhiteElo "2553"]
[BlackElo "2543"]
[PlyCount "52"]

1. e4 c5 2. Nf3 e6 3. d4 cxd4 4. Nxd4 a6 5. Bd3 g6 6. c4 Bg7
7. Ne2 Nc6 8. Nbc3 Nf6 9. O-O O-O 10. Bg5 Qa5 11. Qd2 Ne5
12. f4 Nxd3 13. Qxd3 b5 14. cxb5 axb5 15. Bxf6 Bxf6 16. e5 Bg7
17. Nxb5 f6 18. Nec3 Qb6+ 19. Kh1 fxe5 20. fxe5 Bb7 21. Qd6
Qc6 22. Qxc6 Bxc6 23. Nd4 Rxf1+ 24. Rxf1 Bxe5 25. Nxc6 dxc6
26. Rf2 Bxc3 1/2-1/2

[Event "II Samba Cup"]
[Site "Skanderborg DEN"]
[Date "2005.10.16"]
[EventDate "2005.10.14"]
[Round "3"]
[Result "1-0"]
[White "Kamil Miton"]
[Black "Magnus Carlsen"]
[WhiteElo "2636"]
[BlackElo "2570"]
[PlyCount "113"]

1. d4 Nf6 2. c4 g6 3. Nc3 d5 4. Qb3 dxc4 5. Qxc4 Bg7 6. e4 O-O
7. Be2 c6 8. Nf3 b5 9. Qb3 Qa5 10. Bd2 Be6 11. Qc2 b4 12. Nb1
Qb6 13. O-O Nbd7 14. Be3 Bxa2 15. Nfd2 Bxb1 16. Rfxb1 a5
17. d5 c5 18. Nc4 Qc7 19. f4 Rfe8 20. Bf3 e5 21. dxe6 fxe6
22. Rd1 e5 23. Nd6 c4 24. Be2 Re7 25. Qxc4+ Qxc4 26. Bxc4+ Kf8
27. f5 Ng4 28. Bg5 Ndf6 29. h3 Bh6 30. Bxh6+ Nxh6 31. g4 g5
32. Bd5 Nxd5 33. Rxd5 a4 34. Nc4 Nf7 35. Rb5 Rd7 36. Nb6 Rb7
37. Nxa8 Rxb5 38. Rxa4 Rb7 39. Ra6 b3 40. Kf2 Rd7 41. Ke3 Rd1
42. Nb6 Re1+ 43. Kd3 Rd1+ 44. Kc3 Nd6 45. Nd7+ Ke7 46. Nxe5
Nxe4+ 47. Kxb3 Nc5+ 48. Kc2 Nxa6 49. Kxd1 Kf6 50. Nd3 h5
51. Kd2 Nc7 52. Ke3 hxg4 53. hxg4 Nb5 54. b4 Nd6 55. Kd4 Ke7
56. Kd5 Ne8 57. Ke4 1-0

[Event "II Samba Cup"]
[Site "Skanderborg DEN"]
[Date "2005.10.23"]
[EventDate "2005.10.14"]
[Round "9"]
[Result "1/2-1/2"]
[White "Magnus Carlsen"]
[Black "Curt Hansen"]
[WhiteElo "2570"]
[BlackElo "2607"]
[PlyCount "95"]

1. d4 Nf6 2. c4 e6 3. Nf3 d5 4. Nc3 Be7 5. Bg5 O-O 6. e3 Nbd7
7. Qc2 h6 8. Bh4 c5 9. Rd1 Qa5 10. cxd5 Nxd5 11. Bxe7 Nxe7
12. Be2 Nd5 13. O-O Nxc3 14. bxc3 b6 15. Nd2 Ba6 16. Nc4 Bxc4
17. Bxc4 b5 18. Be2 Rfc8 19. d5 exd5 20. Rxd5 Nb6 21. Rf5 Rc7
22. Rd1 Na4 23. Bf3 Re8 24. Re5 Rf8 25. Rc1 a6 26. h4 Rd7
27. h5 Qd8 28. c4 Rd2 29. Qf5 Qf6 30. cxb5 axb5 31. Qe4 b4
32. Re8 Qd6 33. Rxf8+ Qxf8 34. a3 Nc3 35. Qc4 Rb2 36. axb4
cxb4 37. Ra1 Rb1+ 38. Rxb1 Nxb1 39. Bd1 Qb8 40. Qd3 Nc3
41. Bb3 Qc7 42. f3 Qe7 43. Kf1 Qh4 44. Qd7 Qh1+ 45. Kf2 Qh4+
46. Kf1 Qe7 47. Qd3 Nb5 48. g3 1/2-1/2

[Event "Glitnir Blitz"]
[Site "Reykjavik ISL"]
[Date "2006.03.16"]
[EventDate "2006.03.16"]
[Round "6.1"]
[Result "0-1"]
[White "Hannes Hlifar Stefansson"]
[Black "Magnus Carlsen"]
[WhiteElo "2585"]
[BlackElo "2625"]
[PlyCount "48"]

1. d4 Nf6 2. c4 e6 3. Nf3 b6 4. g3 Ba6 5. b3 Bb4+ 6. Bd2 Be7
7. Bg2 c6 8. Bc3 d5 9. Nbd2 Nbd7 10. O-O O-O 11. Qc2 c5
12. dxc5 Nxc5 13. Rfd1 Rc8 14. Qb2 dxc4 15. Nxc4 Qe8 16. Nfd2
Bxc4 17. Nxc4 Na4 18. bxa4 Rxc4 19. a5 Qa4 20. axb6 axb6
21. Bf3 Rfc8 22. Rd3 h6 23. Kg2 b5 24. Rad1 Rxc3 0-1

[Event "Glitnir Blitz"]
[Site "Reykjavik ISL"]
[Date "2006.03.16"]
[EventDate "2006.03.16"]
[Round "6.2"]
[Result "1-0"]
[White "Magnus Carlsen"]
[Black "Hannes Hlifar Stefansson"]
[WhiteElo "2625"]
[BlackElo "2585"]
[PlyCount "111"]

1. e4 c5 2. Nf3 Nc6 3. d4 cxd4 4. Nxd4 Nf6 5. Nc3 d6 6. Bg5 e6
7. Qd2 Be7 8. O-O-O Nxd4 9. Qxd4 a6 10. f4 b5 11. Bxf6 gxf6
12. Be2 Qc7 13. Bh5 Qc5 14. Qxc5 dxc5 15. e5 f5 16. g4 fxg4
17. Rhg1 Bb7 18. Bxg4 h5 19. Bh3 Rd8 20. Rxd8+ Kxd8 21. Bg2
Bc8 22. Bf3 Bd7 23. Ne4 c4 24. Kd2 h4 25. h3 Kc7 26. Ke3 Be8
27. b3 cxb3 28. cxb3 Ba3 29. Rg7 Bc1+ 30. Nd2 Kb6 31. Rg1 Ba3
32. Ke2 Ka5 33. Ne4 Kb4 34. Rd1 Bc6 35. Rd6 Rc8 36. Rd4+ Ka5
37. Nd6 Bxf3+ 38. Kxf3 Rc2 39. Nxf7 Rxa2 40. Ng5 Bc5 41. Rd3
Rf2+ 42. Ke4 Kb4 43. Nxe6 Bb6 44. f5 a5 45. f6 a4 46. bxa4
bxa4 47. Rd6 Ka5 48. Nf4 Rc2 49. f7 Rc8 50. e6 a3 51. e7 a2
52. f8=Q a1=Q 53. Qxc8 Qb1+ 54. Kd5 Qb5+ 55. Ke6 Qb3+ 56. Rd5+
1-0

[Event "VII Dos Hermanas Qualifier S17A"]
[Site "ICC Internet"]
[Date "2006.03.17"]
[EventDate "2006.03.17"]
[Round "2"]
[Result "1-0"]
[White "Magnus Carlsen"]
[Black "Javier Torres"]
[WhiteElo "2625"]
[BlackElo "2278"]
[PlyCount "115"]

1. d4 d5 2. c4 c6 3. Nc3 Nf6 4. Nf3 e6 5. e3 Nbd7 6. Ne5 Nxe5
7. dxe5 Nd7 8. f4 b6 9. cxd5 exd5 10. Bd3 Nc5 11. Bc2 Qh4+
12. g3 Qh3 13. Qf3 Bg4 14. Qf1 O-O-O 15. Qxh3 Bxh3 16. Bd2 g6
17. O-O-O h5 18. Be1 Bh6 19. Bf2 Rhe8 20. Kb1 Bg2 21. Rhg1 Bf3
22. Rc1 Ne6 23. Rgf1 Bg2 24. Rfd1 Bf3 25. Rd2 c5 26. Ba4 Re7
27. Bd1 Bg2 28. Be1 Bh1 29. Be2 Kb7 30. Bf2 Bg2 31. Rg1 Be4+
32. Nxe4 dxe4 33. Rxd8 Nxd8 34. Rd1 Nc6 35. Bc4 Kc7 36. a3 Bg7
37. Bd5 Nd8 38. Bxe4 f6 39. Bxg6 fxe5 40. Bxh5 exf4 41. exf4
Nc6 42. Bf3 Nd4 43. Bg4 Nb3 44. Re1 Nd2+ 45. Kc2 Rxe1 46. Bxe1
Nc4 47. Be2 Nxb2 48. Bc3 Bxc3 49. Kxc3 Na4+ 50. Kb3 b5
51. Bxb5 Nb6 52. h4 Kd6 53. h5 Nd5 54. h6 Nf6 55. g4 Kd5
56. g5 Nh7 57. g6 Nf6 58. h7 1-0

[Event "VII Dos Hermanas Qualifier S18A"]
[Site "ICC Internet"]
[Date "2006.03.18"]
[EventDate "2006.03.18"]
[Round "2"]
[Result "1-0"]
[White "Magnus Carlsen"]
[Black "Hakan Greiff"]
[WhiteElo "2625"]
[BlackElo "2266"]
[PlyCount "51"]

1. e4 e5 2. Nf3 Nc6 3. Bb5 a6 4. Ba4 d6 5. O-O Bg4 6. c3 Qf6
7. d3 Nge7 8. Nbd2 Ng6 9. d4 Nf4 10. Bxc6+ bxc6 11. Qa4 Bd7
12. dxe5 dxe5 13. Nc4 Bd6 14. Bxf4 Qxf4 15. Rad1 Ke7 16. Rd3
Rhd8 17. Rfd1 c5 18. Qc2 Bb5 19. Nfd2 Bxc4 20. Rf3 Qh6
21. Nxc4 Qe6 22. Qa4 Qd7 23. Rxf7+ Kxf7 24. Nxe5+ Ke6 25. Nxd7
Rxd7 26. e5 1-0

[Event "VII Dos Hermanas Qualifier S20A"]
[Site "ICC Internet"]
[Date "2006.03.20"]
[EventDate "2006.03.20"]
[Round "11"]
[Result "1-0"]
[White "Magnus Carlsen"]
[Black "Tigran Levonovich Petrosian"]
[WhiteElo "2625"]
[BlackElo "2558"]
[PlyCount "65"]

1. d4 d5 2. c4 e6 3. Nc3 c5 4. cxd5 exd5 5. Nf3 Nc6 6. g3 Nf6
7. Bg2 Be7 8. Be3 c4 9. O-O O-O 10. Ne5 Na5 11. b3 Be6
12. bxc4 dxc4 13. Rb1 Rb8 14. d5 Bf5 15. Rb5 Bd6 16. Bd4 Re8
17. f4 a6 18. Bb6 Bc7 19. Bxc7 Qxc7 20. d6 Qd8 21. Nxf7 Kxf7
22. Rxf5 Qb6+ 23. Kh1 Rbd8 24. Qd5+ Re6 25. Rxf6+ Kxf6
26. Qg5+ Kf7 27. Bd5 Qxd6 28. f5 Qxd5+ 29. Nxd5 Red6 30. f6 g6
31. Qh6 Rxd5 32. Qxh7+ Ke6 33. Qe7# 1-0

[Event "World Blitz Championship"]
[Site "Rishon Le Zion ISR"]
[Date "2006.09.07"]
[EventDate "2006.09.07"]
[Round "4"]
[Result "1-0"]
[White "Boris Gelfand"]
[Black "Magnus Carlsen"]
[WhiteElo "2729"]
[BlackElo "2675"]
[PlyCount "120"]

1. Nf3 Nf6 2. c4 c5 3. g3 Nc6 4. d4 cxd4 5. Nxd4 g6 6. Bg2 Bg7
7. O-O O-O 8. Nc3 Nxd4 9. Qxd4 d6 10. Qd3 a6 11. Bg5 Rb8
12. Rac1 Bf5 13. e4 Be6 14. b3 h6 15. Bd2 Kh7 16. Rfd1 Ng4
17. h3 Ne5 18. Qe2 Nc6 19. Be3 Qd7 20. Kh2 Rfc8 21. Nd5 Bxd5
22. exd5 Nd8 23. Bb6 f5 24. c5 dxc5 25. Bxc5 Bf6 26. d6 e6
27. Bb6 Rxc1 28. Rxc1 Nc6 29. Bc7 Ra8 30. Bxc6 bxc6 31. Qc4
Kg7 32. Qxc6 Qxc6 33. Rxc6 Kf7 34. d7 Bd8 35. b4 Ke7 36. Bxd8+
Rxd8 37. Rxa6 Rxd7 38. b5 Rd2 39. Kg2 g5 40. a4 Rb2 41. b6 e5
42. a5 e4 43. Kf1 f4 44. gxf4 gxf4 45. Ra7+ Kd6 46. b7 f3
47. Kg1 Kc7 48. Ra8 Kxb7 49. Re8 Re2 50. Re6 h5 51. a6+ Ka7
52. h4 Kb8 53. Re7 Ka8 54. a7 Re1+ 55. Kh2 e3 56. Rxe3 Ra1
57. Rxf3 Kxa7 58. Rb3 Ra4 59. Kg3 Rg4+ 60. Kh3 Ka6 1-0

[Event "16th Amber Tournament (Rapid)"]
[Site "Monaco"]
[Date "2007.03.20"]
[EventDate "?"]
[Round "4"]
[Result "1/2-1/2"]
[White "Magnus Carlsen"]
[Black "Levon Aronian"]
[WhiteElo "2690"]
[BlackElo "2744"]
[PlyCount "143"]

1. d4 Nf6 2. c4 e6 3. g3 d5 4. Bg2 Bb4+ 5. Nd2 O-O 6. Nf3 dxc4
7. Qc2 Nc6 8. Qxc4 Qd5 9. O-O Bxd2 10. Qxd5 exd5 11. Bxd2 Re8
12. Rfe1 Nd8 13. Ne5 c6 14. f3 Nd7 15. Nd3 Ne6 16. Bc3 f5
17. Kf2 Nf6 18. h4 Nh5 19. e3 Nd8 20. Bf1 Nf7 21. a4 a6
22. Ba5 Re7 23. b4 Nd6 24. b5 Nc4 25. Bb4 Rc7 26. Ne5 Nxe5
27. dxe5 c5 28. Rec1 c4 29. Bd6 Rf7 30. bxa6 Rxa6 31. a5 g6
32. Rcb1 Ng7 33. Rb5 Be6 34. Rab1 Ne8 35. Bc5 Nc7 36. Rxb7
Rxa5 37. Bd4 Na6 38. R7b6 Re7 39. Be2 Nc5 40. R6b5 Rxb5
41. Rxb5 Nb3 42. Bc3 Nc1 43. Rb8+ Kf7 44. Rb1 Nxe2 45. Kxe2
Ra7 46. Bd4 Rc7 47. Kd2 Bd7 48. Rb8 Rc8 49. Rb7 Ke6 50. Kc3 h5
51. Bb6 Rc6 52. f4 Rc8 53. Ba5 Rc6 54. Kd4 Rc8 55. Bc3 Rc6
56. Rb5 Rc7 57. Rxd5 Kf7 58. Ba5 Rb7 59. Rd6 Be6 60. Rc6 Rd7+
61. Kc5 Rd3 62. Bb4 Rd8 63. Rc7+ Rd7 64. Rc6 Rd8 65. Rb6 Rd3
66. Rb7+ Rd7 67. Rb8 Rd3 68. Rb7+ Rd7 69. Rxd7+ Bxd7 70. Kxc4
Ke6 71. Kd4 Bc6 72. Kc5 1/2-1/2

[Event "Living pieces game blindfold"]
[Site "Porsgrunn NOR"]
[Date "2007.06.16"]
[EventDate "2007.06.16"]
[Round "1"]
[Result "0-1"]
[White "Kjetil A Lie"]
[Black "Magnus Carlsen"]
[WhiteElo "2529"]
[BlackElo "2693"]
[PlyCount "100"]

1. c4 Nf6 2. g3 e5 3. Bg2 h6 4. a3 Bc5 5. Nc3 a6 6. e3 Nc6
7. Nge2 O-O 8. O-O d6 9. b4 Ba7 10. d3 Rb8 11. Bb2 Ne7 12. h3
b5 13. cxb5 axb5 14. Kh2 Bb7 15. Bxb7 Rxb7 16. a4 bxa4
17. Rxa4 c6 18. Qc2 Bb8 19. Rfa1 d5 20. Nd1 Qd7 21. f4 Ng6
22. Nf2 Re8 23. Bc1 h5 24. Bd2 h4 25. Kg2 hxg3 26. Nxg3 exf4
27. exf4 Nh4+ 28. Kf1 Nf5 29. Nxf5 Qxf5 30. Qd1 Rbe7 31. Qf3
Nh5 32. b5 cxb5 33. Rb4 Qg6 34. Ng4 f5 35. Ne3 Ng3+ 36. Kf2 d4
37. Rxd4 Qf6 38. Qd5+ Kh7 39. Kxg3 Rxe3+ 40. Bxe3 Rxe3+
41. Kf2 Rxh3 42. Qd8 Qe6 43. Re1 Rh2+ 44. Kg3 Qxe1+ 45. Kxh2
Qf2+ 46. Kh3 Qf3+ 47. Kh2 Bxf4+ 48. Kg1 Be3+ 49. Kh2 Qf2+
50. Kh1 Qg1# 0-1

[Event "Simul"]
[Site "Stavanger NOR"]
[Date "2008.05.10"]
[EventDate "2008.05.10"]
[Round "?"]
[Result "0-1"]
[White "Magnus Carlsen"]
[Black "Haakon Strand"]
[WhiteElo "2765"]
[BlackElo "2051"]
[PlyCount "62"]

1. e4 c5 2. Nf3 d6 3. d4 cxd4 4. Nxd4 Nf6 5. Nc3 a6 6. Bg5 e6
7. f4 Nbd7 8. Qf3 Qc7 9. O-O-O b5 10. Bd3 Bb7 11. Rhe1 Qb6
12. Nb3 Rc8 13. Qh3 Rxc3 14. bxc3 Qc7 15. Kb1 Nb6 16. Bxf6
gxf6 17. Re3 Na4 18. Bf1 h5 19. Rd4 Bh6 20. Qf3 f5 21. c4 Bg7
22. Qd1 Bxe4 23. Kc1 Ke7 24. cxb5 axb5 25. Bxb5 Nc3 26. Rxc3
Qxc3 27. Rc4 Qe3+ 28. Kb1 Qxf4 29. Rc7+ Kf6 30. Qd4+ Kg6
31. Qd1 Qe5 0-1

[Event "Carlsen - Leko Rapid Match"]
[Site "Miskolc HUN"]
[Date "2008.05.29"]
[EventDate "2008.05.28"]
[Round "3"]
[Result "1/2-1/2"]
[White "Peter Leko"]
[Black "Magnus Carlsen"]
[WhiteElo "2741"]
[BlackElo "2765"]
[PlyCount "192"]

1. e4 c5 2. Nf3 d6 3. Bb5+ Bd7 4. Bxd7+ Qxd7 5. c4 Nf6 6. Nc3
g6 7. d4 cxd4 8. Nxd4 Bg7 9. h3 O-O 10. Be3 Rc8 11. b3 a6
12. a4 e6 13. Rc1 b6 14. O-O Qb7 15. Nf3 Rd8 16. e5 Ne8
17. Bf4 Nc6 18. exd6 e5 19. Be3 Rxd6 20. Qe2 Nd4 21. Bxd4 exd4
22. Nd5 Nf6 23. Nxf6+ Bxf6 24. Qd3 Re8 25. Rfe1 Rde6 26. Kf1
Rxe1+ 27. Rxe1 Rxe1+ 28. Nxe1 Qe7 29. c5 Qxc5 30. Qxa6 Qc1
31. Qc4 Qd1 32. Qc2 Qa1 33. Ke2 Kg7 34. Nd3 Qa3 35. Qc4 Qa2+
36. Kd1 Qb1+ 37. Ke2 Qa2+ 38. Kf3 Qb1 39. Ke2 Qa2+ 40. Kd1
Qb1+ 41. Ke2 Qa2+ 42. Kf1 Qb1+ 43. Ne1 h5 44. Qc2 Qa1 45. Ke2
Qa3 46. Nd3 Qe7+ 47. Kf1 Qe4 48. Qc4 Bg5 49. Qb5 Bf6 50. b4
Qe6 51. a5 Qb3 52. axb6 Qb1+ 53. Ke2 Qc2+ 54. Ke1 Qb1+ 55. Kd2
Qa2+ 56. Kd1 Qb1+ 57. Nc1 d3 58. Qxd3 Qxb4 59. Qb3 Qd6+
60. Nd3 Bd4 61. b7 Ba7 62. Kd2 Bb8 63. g3 Qd7 64. h4 Qd6
65. Qc3+ Kh7 66. Qc8 Kg7 67. Ke2 Ba7 68. Qc3+ Kh7 69. Qb3 Kg7
70. Kf1 Kg8 71. Qb5 Bb8 72. Kg2 Kg7 73. Qc4 Qd7 74. Qe4 Qb5
75. Ne1 Qd7 76. Nf3 Kg8 77. Nd4 Kg7 78. Ne2 Kg8 79. Nc3 Kg7
80. Qd5 Qe7 81. Ne4 Ba7 82. Nd6 Bb8 83. Nc4 Qc7 84. Na5 Ba7
85. Nc4 Bb8 86. Nd2 Ba7 87. Ne4 Qe7 88. Qc6 Qe5 89. Qc3 Bd4
90. Qf3 Ba7 91. Ng5 Qc7 92. Qd5 Qe7 93. Nf3 Bb8 94. Qc6 Ba7
95. Qc3+ f6 96. Qb3 Qe2 1/2-1/2

[Event "Carlsen - Leko Rapid Match"]
[Site "Miskolc HUN"]
[Date "2008.05.31"]
[EventDate "2008.05.28"]
[Round "5"]
[Result "1/2-1/2"]
[White "Peter Leko"]
[Black "Magnus Carlsen"]
[WhiteElo "2741"]
[BlackElo "2765"]
[PlyCount "128"]

1. e4 c5 2. Nf3 d6 3. d4 cxd4 4. Nxd4 Nf6 5. Nc3 g6 6. Be3 Bg7
7. f3 Nc6 8. Qd2 O-O 9. O-O-O d5 10. Qe1 e5 11. Nxc6 bxc6
12. exd5 cxd5 13. Bg5 Be6 14. Bc4 Qc7 15. Bxf6 dxc4 16. Bxg7
Kxg7 17. Nd5 Bxd5 18. Rxd5 Rfe8 19. Qc3 Kg8 20. Qa5 Qe7
21. Re1 Qh4 22. Rdxe5 Rxe5 23. Qxe5 Rd8 24. h3 c3 25. Qxc3
Qg5+ 26. f4 Qxg2 27. b3 Qf2 28. Re4 Qg2 29. Rc4 Qd5 30. Kb2
Qf5 31. a4 h5 32. Qe3 a6 33. Rc5 Qf6+ 34. Qe5 Kg7 35. Qxf6+
Kxf6 36. Rc4 Kf5 37. b4 f6 38. Kc3 g5 39. fxg5 fxg5 40. Rc7
Rg8 41. Rh7 h4 42. b5 axb5 43. axb5 Kf4 44. Rd7 g4 45. hxg4 h3
46. Rh7 Kxg4 47. Kb4 Kg3 48. c4 Rg6 49. Ka5 Rg5 50. Kb4 Rg6
51. Rxh3+ Kxh3 52. c5 Rg4+ 53. Ka5 Rc4 54. Kb6 Kg4 55. Kc6 Kf5
56. Kd5 Rc1 57. b6 Rd1+ 58. Kc6 Ke6 59. b7 Rb1 60. Kc7 Kd5
61. c6 Rb2 62. Kd7 Rb6 63. c7 Rxb7 64. Kd8 Rxc7 1/2-1/2

[Event "Sjakkhuset Simul"]
[Site "Oslo NOR"]
[Date "2009.08.27"]
[EventDate "2009.08.27"]
[Round "?"]
[Result "0-1"]
[White "Ellisiv Reppen"]
[Black "Magnus Carlsen"]
[WhiteElo "1905"]
[BlackElo "2772"]
[PlyCount "80"]

1. e4 c5 2. Nf3 Nc6 3. d4 cxd4 4. Nxd4 e6 5. Nc3 a6 6. Be3 Nf6
7. Nxc6 bxc6 8. e5 Nd5 9. Nxd5 cxd5 10. c3 Qc7 11. Qh5 g6
12. Qg5 Bg7 13. Bd4 Rb8 14. Rb1 O-O 15. h4 d6 16. exd6 Qxd6
17. Bxg7 Kxg7 18. h5 h6 19. Qe3 g5 20. Bd3 e5 21. O-O Bg4
22. Rfe1 Rfe8 23. Be2 d4 24. Qd3 Be6 25. b3 a5 26. Red1 Rbd8
27. cxd4 exd4 28. Rbc1 Qe5 29. Bf3 Bf5 30. Qd2 d3 31. Re1 Qd4
32. Rxe8 Rxe8 33. Rc4 Qa1+ 34. Rc1 Qe5 35. g3 g4 36. Bg2 Qd4
37. Rc4 Re2 38. Qxh6+ Kxh6 39. Rxd4 Rxa2 40. Kf1 Ra1# 0-1

[Event "Sjakkhuset Simul"]
[Site "Oslo NOR"]
[Date "2009.08.27"]
[EventDate "2009.08.27"]
[Round "?"]
[Result "1-0"]
[White "Magnus Carlsen"]
[Black "Sheila Barth Berntsen Sahl"]
[WhiteElo "2772"]
[BlackElo "2217"]
[PlyCount "53"]

1. e4 c5 2. Nf3 d6 3. d4 cxd4 4. Nxd4 Nf6 5. Nc3 a6 6. Be3 e5
7. Nf3 Be6 8. Ng5 Qc8 9. Nxe6 fxe6 10. g4 Be7 11. g5 Nfd7
12. Qh5+ g6 13. Qg4 Nc5 14. Bxc5 Qxc5 15. Qxe6 Rf8 16. Nd5
Qxf2+ 17. Kd1 Nc6 18. Bh3 Qd4+ 19. Kc1 Rf2 20. Qg8+ Rf8
21. Nc7+ Kd8 22. Ne6+ Ke8 23. Nxf8 Qe3+ 24. Kb1 Qxh3 25. Nxg6+
Kd7 26. Qxa8 hxg6 27. Qxb7+ 1-0

[Event "World Blitz Championship"]
[Site "Moscow RUS"]
[Date "2009.11.16"]
[EventDate "2009.11.16"]
[Round "4"]
[Result "0-1"]
[White "Magnus Carlsen"]
[Black "Alexandra Kosteniuk"]
[WhiteElo "2801"]
[BlackElo "2517"]
[PlyCount "85"]

1. e4 e5 2. Nf3 Nf6 3. d4 Nxe4 4. Bd3 d5 5. dxe5 Nc5 6. Be2
Be7 7. O-O O-O 8. Be3 Nc6 9. Nc3 Be6 10. Bb5 Nd7 11. Bf4 a6
12. Bxc6 bxc6 13. Nd4 Nb8 14. Qd3 Qd7 15. Qg3 Re8 16. Bh6 Bf8
17. Na4 Kh8 18. Be3 Qe7 19. f4 Bc8 20. Nb3 Nd7 21. Nac5 a5
22. a4 Ba6 23. Rfe1 Bc4 24. Nxd7 Qxd7 25. Nc5 Qf5 26. b3 Ba6
27. Qf2 Bc8 28. Bd4 h6 29. h3 Qg6 30. Kh2 Bf5 31. g4 Bxc5
32. Bxc5 Be4 33. f5 Qg5 34. Be3 Qe7 35. Bf4 Qb4 36. Re3 Qc5
37. Rc1 Rab8 38. h4 Rb4 39. f6 g6 40. c4 Reb8 41. Bxh6 Rxb3
42. Rce1 Rb2 43. R3e2 0-1

[Event "Arctic Securities Chess Stars"]
[Site "Kristiansund NOR"]
[Date "2010.08.28"]
[EventDate "2010.08.28"]
[Round "3"]
[Result "1/2-1/2"]
[White "Viswanathan Anand"]
[Black "Magnus Carlsen"]
[WhiteElo "2800"]
[BlackElo "2826"]
[PlyCount "62"]

1. e4 c5 2. Nf3 d6 3. d4 cxd4 4. Nxd4 Nf6 5. Nc3 g6 6. Be3 Bg7
7. f3 Nc6 8. Qd2 O-O 9. Bc4 Bd7 10. Bb3 Nxd4 11. Bxd4 b5
12. a4 b4 13. Nd5 Nxd5 14. Bxg7 Kxg7 15. exd5 a5 16. h4 e5
17. dxe6 Bxe6 18. O-O-O Bxb3 19. cxb3 Re8 20. h5 Qf6 21. Kb1
gxh5 22. g4 h4 23. g5 Qf5+ 24. Ka2 h3 25. Rh2 Kg8 26. Rdh1
Rac8 27. Qxd6 Rc2 28. Rxc2 Qxc2 29. Rxh3 Re1 30. Qd8+ Kg7
31. Qf6+ Kg8 1/2-1/2

[Event "Nanjing Pearl Spring Tournament"]
[Site "Nanjing CHN"]
[Date "2010.10.23"]
[EventDate "2010.10.20"]
[Round "4"]
[Result "1/2-1/2"]
[White "Vugar Gashimov"]
[Black "Magnus Carlsen"]
[WhiteElo "2719"]
[BlackElo "2826"]
[PlyCount "151"]

1. e4 e5 2. Nf3 Nc6 3. Bb5 a6 4. Ba4 Nf6 5. O-O Be7 6. Re1 b5
7. Bb3 d6 8. c3 O-O 9. h3 Nb8 10. d4 Nbd7 11. Nbd2 Bb7 12. Bc2
Re8 13. Nf1 Bf8 14. Bg5 h6 15. Bh4 Be7 16. Ng3 g6 17. Qd2 Kg7
18. Rad1 Nh7 19. Bxe7 Qxe7 20. dxe5 Nxe5 21. Nd4 Qg5 22. Ngf5+
gxf5 23. f4 Nc4 24. fxg5 Nxd2 25. Nxf5+ Kf8 26. Rxd2 hxg5
27. e5 Nf6 28. Rf1 Rxe5 29. Nxd6 Rd8 30. Rxf6 cxd6 31. Bb3 Rd7
32. Kf2 d5 33. Rf3 Kg7 34. Rfd3 Rd6 35. Bd1 Bc8 36. Bf3 Be6
37. Rd4 Kf6 38. a4 bxa4 39. Rxa4 Rb6 40. Be2 Bc8 41. Ra2 Bb7
42. Ra4 Re4 43. Ra3 Re5 44. b4 Rc6 45. Rd4 Kg7 46. Bf3 Rf6
47. Rd3 Rf4 48. Ra5 Rc4 49. Rc5 Rxc5 50. bxc5 Re6 51. Rd2 Re7
52. Rb2 Bc8 53. Bxd5 Re5 54. c4 Be6 55. c6 Bxd5 56. cxd5 Rxd5
57. Rc2 Rd8 58. c7 Rc8 59. Ke3 Kf6 60. g3 a5 61. Kd4 Ke6
62. h4 gxh4 63. gxh4 a4 64. h5 a3 65. h6 a2 66. Rxa2 Rxc7
67. Ra6+ Kf5 68. h7 Rc8 69. Rh6 Rh8 70. Rh1 Kg6 71. Ke5 Re8+
72. Kf4 Kg7 73. Kf5 Rh8 74. Rg1+ Kf8 75. Rh1 Kg7 76. Ke4
1/2-1/2

[Event "World Blitz Championship"]
[Site "Moscow RUS"]
[Date "2010.11.16"]
[EventDate "2010.11.16"]
[Round "6.1"]
[Result "0-1"]
[White "Magnus Carlsen"]
[Black "Boris Gelfand"]
[WhiteElo "2802"]
[BlackElo "2741"]
[PlyCount "94"]

1. e4 c5 2. Ne2 d6 3. c4 e5 4. Nbc3 g6 5. h4 Nf6 6. d3 h6
7. g3 Bg7 8. Bh3 Be6 9. f3 Qc8 10. Bxe6 fxe6 11. g4 Nc6
12. Be3 Nd4 13. Rh3 Qd7 14. Qd2 O-O-O 15. b4 Kb8 16. Rb1 Qf7
17. Nb5 Rhf8 18. bxc5 dxc5 19. Bxd4 cxd4 20. c5 Nxg4 21. Qa5
a6 22. c6 axb5 23. Rxb5 Ne3 24. Rg3 Rc8 25. Rxb7+ Qxb7
26. cxb7 Kxb7 27. Rxg6 Bf6 28. Rxh6 Bxh4+ 29. Rxh4 Ng2+
30. Kd1 Nxh4 31. Qb5+ Ka7 32. Qxe5 Nxf3 33. Qxe6 Rc7 34. Qd6
Rfc8 35. Nxd4 Nxd4 36. Qxd4+ Ka8 37. Qd5+ Kb8 38. Kd2 Ra7
39. e5 Rcc7 40. e6 Kc8 41. Ke3 Ra6 42. Ke4 Rca7 43. d4 Rxa2
44. Qc5+ Kd8 45. Qf8+ Kc7 46. e7 Ra8 47. e8=Q Rxe8+ 0-1

[Event "Tata Steel Group A"]
[Site "Wijk aan Zee NED"]
[Date "2012.01.20"]
[EventDate "2012.01.14"]
[Round "6"]
[Result "1/2-1/2"]
[White "David Navara"]
[Black "Magnus Carlsen"]
[WhiteElo "2712"]
[BlackElo "2835"]
[PlyCount "163"]

1. d4 d5 2. c4 c6 3. Nc3 Nf6 4. e3 e6 5. Nf3 Nbd7 6. Qc2 Bd6
7. Bd3 O-O 8. O-O dxc4 9. Bxc4 b5 10. Bd3 Bb7 11. Rd1 b4
12. Na4 c5 13. dxc5 Rc8 14. Qe2 Nxc5 15. Nxc5 Rxc5 16. e4 Nxe4
17. Bxe4 Bxe4 18. Rxd6 Bxf3 19. Qd2 Rd5 20. Rxd8 Rfxd8 21. Qe1
Rd1 22. Bg5 Rxe1+ 23. Rxe1 Rd5 24. Be7 Bg4 25. Bxb4 h5 26. Bc3
f6 27. f3 Bf5 28. Re2 e5 29. Rd2 Rc5 30. Kf2 Kf7 31. h4 Be6
32. Rd6 Bc8 33. Rd8 Rc4 34. Kg3 Be6 35. a3 Rc7 36. Ba5 Rc2
37. Ra8 Rxb2 38. Rxa7+ Kg8 39. Bb4 Bc4 40. Rd7 Bf1 41. Rd2 Rb3
42. Kf2 Bd3 43. Ke3 Bb5+ 44. Kf2 Kf7 45. Rd5 Bd3 46. Rd7+ Kg8
47. Rd8+ Kh7 48. Rd7 Bf5 49. Ra7 Kg8 50. Ra8+ Kh7 51. Ra7 Rb2+
52. Kg1 e4 53. Bf8 Kg8 54. Bxg7 e3 55. Bxf6 Rb1+ 56. Kh2 e2
57. Bc3 e1=Q 58. Bxe1 Rxe1 59. Kg3 Bg6 60. a4 Re2 61. Ra5 Ra2
62. Kf4 Kg7 63. g4 Bf7 64. Ra7 Rc2 65. gxh5 Rc6 66. Kg4 Rf6
67. Rc7 Ra6 68. h6+ Kf6 69. h7 Rxa4+ 70. f4 Ra8 71. f5 Rh8
72. h5 Rxh7 73. Rc6+ Kg7 74. h6+ Kh8 75. Rc8+ Bg8 76. f6 Ra7
77. Re8 Kh7 78. Re7+ Rxe7 79. fxe7 Bf7 80. Kf5 Kxh6 81. e8=B
Bxe8 82. Ke4 1/2-1/2